Jacksonville Jaguars Head Coaches by Picture - Statistics

General Stats
  • This quiz has been taken 40 times
    8 since last reset
  • The average score is 5 of 10
Answer Stats
Picture Hint Answer % Correct
1995-2002 Tom Coughlin
100%
2022-2024 Doug Pederson
86%
2003-2011 Jack Del Rio
86%
2021 Urban Meyer
86%
2016-2020 Doug Marrone
57%
2025-Present Liam Coen
57%
2013-2016 Gus Bradley
29%
2012 Mike Mularkey
29%
2021 Darrell Bevell
0%
2011 Mel Tucker
0%
No matching quizzes found
Score Distribution
Percent of People with Each Score
Percentile by Number Answered
Your Score History
You have not taken this quiz since the last reset